Central Library and Information Centre
Sibsagar Girls' College, Sivasagar : Assam

GEOGRAPHIC INFORMATION SYSTEM (Record no. 12974)

MARC details
000 -LEADER
fixed length control field 00450cam a2200181ua 4500
008 - FIXED-LENGTH DATA ELEMENTS--GENERAL INFORMATION
fixed length control field 141126n2007 II |||gr||||Z||||||eng
040 ## - CATALOGING SOURCE
Original cataloging agency MAIN
041 ## - LANGUAGE CODE
-- English
082 ## - DEWEY DECIMAL CLASSIFICATION NUMBER
Classification number 910 RAO
100 ## - MAIN ENTRY--PERSONAL NAME
Personal name RAO , RAM MOHAN .,
Relator term EDITOR .
245 ## - TITLE STATEMENT
Title GEOGRAPHIC INFORMATION SYSTEM
260 ## - PUBLICATION, DISTRIBUTION, ETC.
Place of publication, distribution, etc. JAIPUR
Name of publisher, distributor, etc. RAWAT PUBLICATION
Date of publication, distribution, etc. 2007
300 ## - PHYSICAL DESCRIPTION
Extent 200:
Dimensions 20CM.
700 ## - ADDED ENTRY--PERSONAL NAME
Personal name SHARIEFF , AFZAL .
942 ## - ADDED ENTRY ELEMENTS (KOHA)
Koha item type Books
653 ## - INDEX TERM--UNCONTROLLED
Uncontrolled term Geography & travel
Holdings
Withdrawn status Lost status Damaged status Not for loan Collection code Home library Current library Shelving location Date acquired Total Checkouts Full call number Barcode Date last seen Date last checked out Copy number Price effective from Koha item type Public note
        REFGEO Central Library and Information Centre Sibsagar Girls College Central Library and Information Centre Sibsagar Girls College GEOGRAPHY BOOK RACK 01.08.2006 1 910 RAO 21883 25.11.2021 10.11.2021 1 27.02.2020 Books V


Sibsagar Girl's College © 2020. All rights reserved.
Powered by Koha.
Maintained by Abhijit Borpuzari.